000 00674nam a2200229Ia 4500
003 OSt
005 20220926003054.0
006 a|||||r|||| 00| 0
007 ta
008 220923b |||||||| |||| 00| 0 eng d
037 _cGeneral Book
040 _aRTL
_cRTL
_beng
041 _2eng
_aeng
082 _aX9(J):75.236.N7, M1
100 _aSingh Baldev
_9298806
245 0 _aRegional planning
_b Explorations in agriculture and
260 _a New Delhi
_bOxford and I B H India
_c1981
300 _a247p. Appendix p. 213-38
_ccm.
650 _aPlanning
942 _hX9(J):75.236.N7, M1
_cGB
_2CC
999 _c606803
_d606803